000 00462nam a2200169Ia 4500
999 _c26803
_d26803
003 OSt
005 20210106150605.0
008 190216s9999||||xx |||||||||||||| ||und||
040 _coclc
082 _a200
_bAKB/S
100 _aAkbar, M M
_92026
245 0 _aSasthram Matham Manushyan /
_cM M Akbar
260 _bYuvatha Book House,
_aCalicut:
_c1991.
300 _a98p
650 _aPadanam
942 _cBK
_2ddc
_h200
_iAKB/S
_k200
_mAKB/S